History Quiz

Random History or Clickable Quiz

1960s Match-Up Quiz Stats

Quiz Updated Oct 12, 2014

Also try: 1940s Match-Up
Challenge
Share
Tweet
Score 0/30 Timer 05:00
1 Play Today
% Correct
Fidel
98.7%
Jimi
98.4%
Muhammad
98.3%
Berlin
98.2%
Andy
97.9%
Cuban
97.7%
Woodstock
96.7%
Yellow
96.4%
Iron
96.2%
Twilight
94.6%
Viet
93.4%
Indira
91.7%
Midnight
90.1%
Nikita
89.7%
Kim
89.5%
% Correct
Great Leap
88.8%
Yuri
81.7%
Second-wave
81.7%
Tet
81%
Federico
79.7%
Timothy
77.3%
Jawaharlal
72.7%
Prague
71.3%
Jean-Luc
70.8%
My Lai
70.3%
Stonewall
68.7%
Haile
67%
Haight
65.4%
Betty
64.2%
Josip Broz
59.2%

You're not logged in!

Compare scores with friends on all Sporcle quizzes.
Join for Free
OR
Log In

You Might Also Like...

Show Comments

Extras

Top Quizzes Today


Score Distribution

Your Account Isn't Verified!

In order to create a playlist on Sporcle, you need to verify the email address you used during registration. Go to your Sporcle Settings to finish the process.

Report this User

Report this user for behavior that violates our Community Guidelines.

Details: